Sharing vital plant resources (Record no. 117618)

MARC details
000 -LEADER
fixed length control field 01231cam a2200217 4500
001 - CONTROL NUMBER
control field WB4025-21
008 - FIXED-LENGTH DATA ELEMENTS--GENERAL INFORMATION
fixed length control field 040630n2004 000 0 eng u
035 ## - SYSTEM CONTROL NUMBER
System control number (Sirsi) u126646
245 ## - TITLE STATEMENT
Title Sharing vital plant resources
260 ## - PUBLICATION, DISTRIBUTION, ETC.
Date of publication, distribution, etc. 2004
490 ## - SERIES STATEMENT
Series statement DEFRA News Release
Volume/sequential designation (247/04) 29 June 2004 (2)
520 ## - SUMMARY, ETC.
Summary, etc. The worldwide protection of vital food crops will be sustained under a new international agreement, "The international treaty on plant genetic resources for food and agriculture", coming into force on 29 June 2004. The UK is one of more than 50 signatories to the treaty which aims to improve food security, promote sustainable farming and to ensure that plant genetic resources, owned by the country in which they are found, are conserved, used sustainably and whose benefits are fairly shared. Further treaty information is available at http://www.fao.org/ag/cgrfa/itpgr.htm.http://www.d efra.gov.uk/news/2004/040629a.htm
590 ## - LOCAL NOTE (RLIN)
Local note WB
590 ## - LOCAL NOTE (RLIN)
Local note WB
650 ## - SUBJECT ADDED ENTRY--TOPICAL TERM
Topical term or geographic name entry element SUSTAINABLE FARMING
650 ## - SUBJECT ADDED ENTRY--TOPICAL TERM
Topical term or geographic name entry element FOOD SECURITY
650 ## - SUBJECT ADDED ENTRY--TOPICAL TERM
Topical term or geographic name entry element PLANT GENETIC RESOURCES
650 ## - SUBJECT ADDED ENTRY--TOPICAL TERM
Topical term or geographic name entry element INTERNATIONAL TREATY ON PLANT GENETIC RESOURCES FOR FOOD AND AGRICULTURE
690 ## - LOCAL SUBJECT ADDED ENTRY--TOPICAL TERM (OCLC, RLIN)
Topical term or geographic name as entry element RURAL-AGRICULTURE AND FORESTRY
942 ## - ADDED ENTRY ELEMENTS (KOHA)
Suppress in OPAC 0
Holdings
Withdrawn status Lost status Source of classification or shelving scheme Damaged status Not for loan Home library Current library Shelving location Date acquired Total Checkouts Full call number Barcode Date last seen Copy number Price effective from Koha item type
    Dewey Decimal Classification     London London News article 30/06/2004   WB4025-21 126646-1001 06/08/2019 1 06/08/2019 News article